000 00953nam a22002175i 4500
001 161609
003 ES-MaACL
005 20250812091231.0
008 990630s1898 sp |||| | spa d
040 _aCCPB | B
_bspa
_cCCPB | B
100 1 _aPedregal y Fantini, José.
_9130931
245 1 0 _aEstado social y cultura de los mozárabes y mudéjares españoles
_b: memoria leída en los días 13 de enero y 10 de febrero de 1898 en el Ateneo y Sociedad de Excursiones de Sevilla /
_cpor José Pedregal y Fantini.
260 _aSevilla :
_b[s.n.],
_c1898 (
_fEstab. tip. de la Revista de Tribunales)
300 _a59 p. ;
_c21 cm.
650 7 _aMozárabes
_2embne
_9138614
650 0 4 _aMudéjares.
_915234
651 4 _aEspaña-
_xHistoria-
_y0711-1492, Reconquista.
_98217
710 2 _aAteneo de Sevilla.
_92028
852 _aES-MaACL
_jT-812-F-1
_z-- Enc. hol., conservando la cub. original
_z-- Enc. en un vol. facticio
999 _c161609
_d161609